000 00515nam a22001817a 4500
005 20180215140726.0
010 _aENG-122267
020 _a9789386473165
_c250.00
035 _aEN-105799
037 _bDBAD/PUB
082 _aS
100 _aMalhan, Sangita P Menon
245 _aMuchchad gadh and other stories /
_cby Sangita P Menon Malhan
260 _aNew Delhi
_bVitasta
_cc2018
270 _a2/15, Ansari Road, Daryaganj
_bNew Delhi
_e110002
300 _aix, 229p.
_c20cm(pbk)
942 _2ddc
_cEN
_hS
_mMAL
999 _c149930
_d149930